[Event "ch-VIE Men Masters"]
[Site "Ho Chi Minh City VIE"]
[Date "2009.12.13"]
[Round "5"]
[White "Tu Hoang Thong"]
[Black "Nguyen Hoang Nam"]
[Result "0-1"]
[WhiteElo "2509"]
[BlackElo "2368"]

1.d4 d5 2.Nf3 Nf6 3.c4 c6 4.g3 g6 5.Bg2 Bg7 6.O-O O-O 7.b3 Bf5 8.Bb2 a5 9.Nc3 Ne4
10.Rc1 Nxc3 11.Bxc3 Be4 12.a4 b5 13.e3 bxc4 14.bxc4 dxc4 15.Ba1 Qd5 16.Nh4 c5
17.dxc5 Bxg2 18.Nxg2 Qxc5 19.Bxg7 Kxg7 20.Qd4+ Qxd4 21.exd4 Rc8 22.Ne3 c3
23.Nd5 Ra7 24.Rxc3 Rxc3 25.Nxc3 Rc7 26.Ne4 Rc4 27.Nc5 Rxd4 28.Rb1 Rb4 29.Rxb4 axb4
30.Kf1 Na6 31.Nd3 Kf6 32.Ke2 Ke6 33.Kd2 Kd5 34.Kc2 Kd4 35.a5 b3+ 36.Kd2 e5
37.f3 f5 38.Nc1 Kc4 39.Nd3 e4 40.fxe4 fxe4 41.Nb2+ Kd4 42.Nd1 Nc5 43.g4 g5
44.Ne3 h6 45.h3 Ke5 46.Ng2 Kd4 47.Ne3 Na6 48.Ng2 Kc4 49.Ne3+ Kb5 50.Kc3 Nc5
51.Nc4 Ka4 52.Kd4 Kb4 53.Nd2 b2 54.Nb1 Kxa5 55.Kc3 Nd3 56.Kc2 Kb4 57.Nc3 Nf2  0-1

[Event "9th Amplico Life Rapid"]
[Site "Warsaw POL"]
[Date "2009.12.19"]
[Round "2"]
[White "Wojtaszek,R"]
[Black "Musialkiewicz,J"]
[Result "1-0"]
[WhiteElo "2637"]
[BlackElo "2162"]

1.d4 d5 2.c4 c6 3.Nf3 Nf6 4.Qc2 dxc4 5.Qxc4 Bf5 6.g3 e6 7.Bg2 Be7 8.O-O O-O
9.Nc3 Nbd7 10.Re1 Ne4 11.Qb3 Qb6 12.Nh4 Qxb3 13.axb3 Bb4 14.Nxf5 exf5 15.Bxe4 fxe4
16.Bd2 Rfe8 17.Nxe4 Rxe4 18.Bxb4 Rxd4 19.Bc3 Rd6 20.Red1 Rxd1+ 21.Rxd1 Nb6
22.e4 f6 23.Kg2 Kf7 24.f4 a5 25.Kf3 a4 26.Rd4 c5 27.Rd6 Ra6 28.b4 a3 29.bxa3 Rxa3
30.Rxb6 Rxc3+ 31.Kg4 cxb4 32.Rxb7+ Kg8 33.Rxb4 Rc5 34.Rb7 h5+ 35.Kh4 Kh7
36.Rb6 Rc2 37.h3 Re2 38.Re6 Re3 39.e5 g5+ 40.Kxh5 gxf4 41.gxf4 fxe5 42.Re7+ Kg8
43.f5 Rg3 44.h4 Kf8 45.Rxe5 Kf7 46.Re6 Rg1 47.Ra6 Rg2 48.Rg6 Rf2 49.Kg5 Rg2+
50.Kh6 Rf2 51.Rg5 Rf4 52.h5 Rh4 53.Rg6 Rh1 54.Rd6 Rh2 55.Kg5 Rg2+ 56.Kf4 Rf2+
57.Ke4 Rf1 58.h6 Re1+ 59.Kd5 Rf1 60.Ke5 Re1+ 61.Kd4 Rd1+ 62.Ke5 Re1+ 63.Kd5 Rd1+
64.Kc6 Rf1 65.h7 Kg7 66.Rh6 Rc1+ 67.Kd7 Rd1+ 68.Ke7 Re1+ 69.Re6 Rf1 70.f6+ Kxh7
71.Re2 Ra1 72.f7 Ra7+ 73.Kf6 Ra6+ 74.Re6  1-0

[Event "9th Amplico Life Rapid"]
[Site "Warsaw POL"]
[Date "2009.12.19"]
[Round "2"]
[White "Kulczyk,P"]
[Black "Paehtz,E"]
[Result "0-1"]
[WhiteElo "2086"]
[BlackElo "2480"]

1.d4 d5 2.c4 c6 3.Nf3 Nf6 4.Qc2 dxc4 5.e3 b5 6.b3 cxb3 7.axb3 e6 8.Bd2 Bd6
9.e4 Nfd7 10.e5 Be7 11.Ba5 Nb6 12.Bd3 Bb7 13.O-O Na6 14.Be4 Qd7 15.Nbd2 Nd5
16.Rfc1 c5 17.dxc5 Nxc5 18.Bxd5 Qxd5 19.Bb4 Rc8 20.Rxa7 O-O 21.Qb1 Nd3 22.Bc3 Nxc1  0-1

[Event "9th Amplico Life Rapid"]
[Site "Warsaw POL"]
[Date "2009.12.19"]
[Round "4"]
[White "Vovk,Y"]
[Black "Beinoras,M"]
[Result "1-0"]
[WhiteElo "2546"]
[BlackElo "2384"]

1.d4 d5 2.c4 c6 3.Nf3 Nf6 4.Qb3 g6 5.Bf4 Bg7 6.e3 O-O 7.Nc3 dxc4 8.Bxc4 b5
9.Be2 Be6 10.Qc2 Nbd7 11.Ng5 Bg4 12.f3 Be6 13.Nxe6 fxe6 14.O-O Qb6 15.a4 a6
16.Bg3 e5 17.Bf2 exd4 18.exd4 Nd5 19.axb5 axb5 20.Nxd5 cxd5 21.Rxa8 Rxa8
22.Qb3 e6 23.Qxb5 Qd6 24.Qd3 Qb4 25.Qe3 Nf8 26.b3 Rc8 27.Rd1 Rc2 28.Rd3 Rb2
29.g3 Qa3 30.f4 Qa2 31.Bg4 Kh8 32.h4 h5 33.Bh3 Rb1+ 34.Kg2 Qc2 35.g4 hxg4
36.Bxg4 Rb2 37.Bd1 Qc7 38.Kh3 Qf7 39.Bg4 e5 40.dxe5 Ne6 41.Bg3 Nc5 42.Qxc5  1-0

[Event "9th Amplico Life Rapid"]
[Site "Warsaw POL"]
[Date "2009.12.19"]
[Round "8"]
[White "Wojtaszek,R"]
[Black "Zherebukh,Y"]
[Result "0-1"]
[WhiteElo "2637"]
[BlackElo "2527"]

1.d4 d5 2.c4 c6 3.Nf3 Nf6 4.Qc2 dxc4 5.Qxc4 Bf5 6.g3 e6 7.Bg2 Nbd7 8.O-O Be7
9.Nc3 O-O 10.Re1 Ne4 11.Qb3 Qb6 12.Nh4 Bxh4 13.gxh4 Ndf6 14.f3 Nxc3 15.bxc3 e5
16.Qxb6 axb6 17.dxe5 Nd7 18.e4 Be6 19.f4 b5 20.Be3 g6 21.h5 Ra3 22.hxg6 hxg6
23.f5 gxf5 24.Bh6 f4 25.Bxf8 Kxf8 26.Rf1 Rxc3 27.Rxf4 Nxe5 28.Rf2 Ra3 29.Rd2 Ke7
30.h4 b4 31.Rb1 c5 32.Rc1 b6 33.h5 Rxa2 34.Rdd1 b3 35.h6 Kf6 36.Rd6 b5 37.Rf1+ Ke7
38.Rb6 b4 39.Rb7+ Kd6 40.Rd1+ Kc6 41.Rb8 b2 42.h7 Ng6 43.e5+ Kc7 44.Rb7+ Kc8
45.Rb5 Ra1 46.Rxc5+ Kb8 47.Rb5+ Kc7  0-1

[Event "9th Amplico Life Rapid"]
[Site "Warsaw POL"]
[Date "2009.12.20"]
[Round "10"]
[White "Zubov,A UKR"]
[Black "Sieciechowicz,M"]
[Result "1-0"]
[WhiteElo "2581"]
[BlackElo "2386"]

1.d4 d5 2.c4 c6 3.Nf3 Nf6 4.g3 Bf5 5.Bg2 e6 6.O-O Nbd7 7.Nc3 Be7 8.Nd2 O-O
9.Re1 Bg6 10.e4 dxe4 11.Ndxe4 Nxe4 12.Nxe4 Nf6 13.Nc3 Qc7 14.Bf4 Bd6 15.Bg5 Be7
16.Qb3 Rad8 17.Rad1 Rd7 18.Bf4 Qd8 19.h3 h6 20.Be5 Qc8 21.Qa4 a6 22.Qa5 Bd8
23.Qb4 Bc2 24.Rc1 Bg6 25.Na4 Ne8 26.d5 f6 27.dxe6 Re7 28.Bf4 Bf5 29.Nb6 a5
30.Nxc8 axb4 31.Nxe7+ Bxe7 32.Rcd1 g5 33.g4 Bg6 34.Rd7 Bc5 35.Be3 Bd6 36.Rxb7 f5
37.Bxc6 fxg4 38.hxg4 Be5 39.Bc5  1-0

[Event "9th Amplico Life Rapid"]
[Site "Warsaw POL"]
[Date "2009.12.20"]
[Round "10"]
[White "Urban,K"]
[Black "Musialkiewicz,J"]
[Result "1-0"]
[WhiteElo "2478"]
[BlackElo "2162"]

1.Nf3 Nf6 2.c4 c6 3.d4 d5 4.Nbd2 e6 5.g3 Bd6 6.Bg2 O-O 7.O-O b5 8.c5 Bc7
9.Qc2 Nbd7 10.e4 e5 11.a4 Ba6 12.dxe5 Nxe5 13.Nxe5 Bxe5 14.Nf3 Bc7 15.exd5 Nxd5
16.Rd1 b4 17.Nd4 Bb7 18.Qb3 Re8 19.a5 Bxa5 20.Qa4 Bc7 21.Nxc6 Bxc6 22.Qxc6 Ne7
23.Rxd8 Nxc6 24.Rxa8 Rxa8 25.Bxc6 Rd8 26.Be3 a5 27.Kf1 g6 28.Ke2 Rc8 29.Ba4 Be5
30.Rb1  1-0

[Event "9th Amplico Life Rapid"]
[Site "Warsaw POL"]
[Date "2009.12.20"]
[Round "13"]
[White "Gritsak,O"]
[Black "Orzech,D"]
[Result "1-0"]
[WhiteElo "2521"]
[BlackElo "2411"]

1.Nf3 Nf6 2.c4 c6 3.d4 d5 4.Qb3 e6 5.Bg5 Nbd7 6.Nbd2 Be7 7.e3 O-O 8.Be2 b6
9.O-O Bb7 10.cxd5 exd5 11.Rac1 Re8 12.Rfd1 Bd6 13.Bh4 Rb8 14.Bg3 Bxg3 15.hxg3 Qe7
16.Rc3 Ne4 17.Nxe4 dxe4 18.Nd2 c5 19.Nc4 cxd4 20.Rxd4 Nc5 21.Qa3 Ne6 22.Rd1 Nc5
23.Nd6 Red8 24.Qxa7 Qc7 25.Nxb7 Rxd1+ 26.Bxd1 Rxb7 27.Qa3 Ra7 28.Qb4 Rxa2
29.Qxe4 g6 30.Qb1 Qa7 31.Rc1 Qa6 32.Bc2 Qa5 33.b4 Qa3 34.bxc5 Rb2 35.cxb6 Rxb1
36.Rxb1 Qa8 37.b7 Qb8 38.Bd3 Kg7 39.Ba6  1-0

[Event "XIX Magistral"]
[Site "Pamplona ESP"]
[Date "2009.12.23"]
[Round "3"]
[White "Laznicka,V"]
[Black "Alsina Leal,D"]
[Result "1/2-1/2"]
[WhiteElo "2637"]
[BlackElo "2523"]

1.Nf3 d5 2.d4 Nf6 3.c4 c6 4.Qb3 dxc4 5.Qxc4 Bf5 6.g3 e6 7.Bg2 Nbd7 8.O-O Be7
9.e3 O-O 10.Rd1 Rc8 11.Qe2 Bg6 12.Nc3 b5 13.a3 a5 14.Bd2 Qb6 15.Be1 h6 16.b3 b4
17.axb4 axb4 18.Na4 Qb5 19.Qb2 c5 20.dxc5 Nxc5 21.Nd4 Nxa4 22.bxa4 Qe5 23.a5 Be4
24.Qe2 Bxg2 25.Kxg2 Nd5 26.a6 Nc3 27.Bxc3 bxc3 28.a7 Ra8 29.Nc6 Qc5 30.Nxe7+ Qxe7
31.Rdc1 Rfc8 32.Qd3 Qc5 33.Rc2 Rxa7 34.Rxa7 Qxa7 35.Rxc3 Qa1 36.f3 Qa2+ 37.Kh3 Rxc3
38.Qxc3 Qe2 39.e4 Qf1+ 40.Kg4 Qg2 41.h4 h5+ 42.Kf4 Kh7 43.e5 Kh6 44.Qe3 Qc2
45.Qe4 Qc1+ 46.Qe3 Qc4+ 47.Qe4 Qc1+  1/2-1/2

[Event "Tata Steel TCh-Asia w"]
[Site "Kolkata IND"]
[Date "2009.12.25"]
[Round "4"]
[White "Sachdev,T"]
[Black "Padmini,R"]
[Result "1/2-1/2"]
[WhiteElo "2399"]
[BlackElo "2333"]

1.d4 d5 2.c4 c6 3.Nf3 Nf6 4.Nbd2 g6 5.g3 Bg7 6.Bg2 O-O 7.O-O b6 8.b3 Bb7
9.Bb2 Nbd7 10.Qc2 Re8 11.Rfd1 Rc8 12.e4 dxe4 13.Nxe4 Qc7 14.Ne5 Nxe5 15.dxe5 Nxe4
16.Qxe4 Rcd8 17.b4 Bc8 18.Qxc6 Bxe5 19.Bxe5 Qxe5 20.Re1 Qc3 21.a3 Be6 22.Bd5 Bxd5
23.cxd5 Qf3 24.Qa4 Qxd5 25.Qxa7 Qd4 26.Rac1 Ra8 27.Qb7 Rxa3 28.Rxe7 Rxe7
29.Qxe7 Ra1 30.Rxa1 Qxa1+ 31.Kg2 Qd4 32.h4 h5 33.Qe8+ Kg7 34.Qe7 Qd5+ 35.Kf1 Qd1+
36.Kg2 Qd5+ 37.Kf1 Qd1+  1/2-1/2

[Event "Tata Steel TCh-Asia w"]
[Site "Kolkata IND"]
[Date "2009.12.26"]
[Round "5"]
[White "Mohota,N"]
[Black "Lestari,B"]
[Result "1-0"]
[WhiteElo "2351"]
[BlackElo "2170"]

1.d4 d5 2.c4 c6 3.Nf3 Nf6 4.Qc2 e6 5.Bg5 Nbd7 6.e3 h6 7.Bh4 Bd6 8.Nbd2 O-O
9.Bd3 Be7 10.O-O Nh5 11.Bxe7 Qxe7 12.Ne5 Nhf6 13.f4 c5 14.Rae1 b6 15.e4 dxc4
16.Qxc4 cxd4 17.Nc6 Qc5 18.b4 Qxc4 19.Nxc4 Nb8 20.Ne7+ Kh8 21.Nd6 Bd7 22.e5 Nd5
23.Be4 Bc6 24.Bxd5 Bxd5 25.Nxd5 exd5 26.Rc1 Kg8 27.Rfd1 a5 28.b5 Nd7 29.Rxd4 Nc5
30.Rxd5 f6 31.Rdxc5 bxc5 32.b6 fxe5 33.fxe5 Rab8 34.b7 Rfd8 35.Rxc5 Kf8 36.Rc7 Kg8
37.Kf2 Kh7 38.Ke3 Kg6 39.Ke4 a4 40.Kd5 Rf8 41.Rc8  1-0

[Event "18th Donau Open"]
[Site "Aschach AUT"]
[Date "2009.12.31"]
[Round "7"]
[White "Obermayr,H"]
[Black "Knoll,H"]
[Result "0-1"]
[WhiteElo "2204"]
[BlackElo "2389"]

1.d4 Nf6 2.c4 c6 3.Nf3 d5 4.Qc2 e6 5.Bf4 Nbd7 6.e3 Nh5 7.Be5 Nxe5 8.dxe5 g6
9.Nc3 a6 10.Rd1 Qa5 11.Be2 b5 12.cxb5 axb5 13.a3 Bd7 14.Nd4 Rb8 15.Bxh5 gxh5
16.Qe2 h4 17.Qh5 c5 18.Nb3 Qa8 19.O-O b4 20.axb4 Rxb4 21.Ra1 Qb8 22.Nd2 Bg7
23.Nf3 O-O 24.Nd1 Bb5 25.Re1 Bd3 26.Qg5 Re8 27.Nxh4 Qxe5 28.Qxe5 Bxe5 29.Nf3 Bf6
30.Ra5 Rc8 31.h3 h5 32.Ra7 h4 33.Nh2 Bf5 34.Re2 d4 35.f3 c4 36.e4 d3 37.Rf2 Bd4
38.Rd7 Bxf2+ 39.Kxf2 Bg6 40.Ra7 Rcb8 41.Ra2 f5 42.Ke3 fxe4 43.fxe4 Bh5 44.Nf3 Bxf3
45.gxf3 e5 46.f4 exf4+ 47.Kxf4 Rf8+ 48.Ke5 d2 49.Kd5 Rf1 50.Ra1 Rxb2 51.Ra8+ Rf8
52.Rxf8+ Kxf8 53.Nxb2 c3  0-1

[Event "ch-NZL"]
[Site "Auckland NZL"]
[Date "2010.01.03"]
[Round "2"]
[White "Nijman,B"]
[Black "Krstev,A"]
[Result "0-1"]
[WhiteElo "2165"]
[BlackElo "2040"]

1.d4 d5 2.c4 c6 3.Nf3 Nf6 4.g3 e6 5.Bg2 Nbd7 6.O-O dxc4 7.a4 Be7 8.Na3 O-O
9.Nxc4 c5 10.a5 Nd5 11.e4 Nb4 12.d5 exd5 13.exd5 Bf6 14.d6 Nc6 15.Be3 Rb8
16.Qa4 Re8 17.Rfd1 a6 18.Rd2 g6 19.Qa3 Re4 20.Rc1 Rxc4 21.Rxc4 Nxa5 22.Re4 b5
23.Qa2 Bb7 24.Rf4 Nc4 25.Rxc4 bxc4 26.Qxc4 Bxf3 27.Bxf3 Ne5 28.Qe2 c4 29.Be4 Nd3
30.Bxd3 cxd3 31.Qxd3 Bxb2 32.Qxa6 Bc1 33.Rc2 Bxe3 34.fxe3 Kg7 35.Rd2 f5 36.d7 Qc7
37.Qa1+ Kf7 38.Qd4 Rd8 39.e4 Qc1+ 40.Kg2 Qc6 41.Kf3 h6 42.Ke3 Qe6 43.e5 g5
44.Qd6 h5 45.Qc7 Ke7 46.Qc5+ Kf7 47.Qb5 f4+ 48.Kf2 fxg3+ 49.hxg3 Kg7 50.Kg2 h4
51.Rd6 Qa2+ 52.Kh3 Qf2 53.gxh4 Qxh4+ 54.Kg2 Qg4+ 55.Kf2 Qf4+ 56.Ke1 Qg3+
57.Kd2 Qf4+ 58.Kc2 Qe4+ 59.Kb2 Qg2+ 60.Kc3 Qg3+ 61.Kd4 Qf2+ 62.Kd5 g4 63.Rf6 Qa2+
64.Kd6 Qa3+ 65.Kc7 Qe7 66.Qd5 g3 67.Qd4 Rxd7+ 68.Qxd7 Qxd7+ 69.Kxd7 g2 70.Rd6 g1=Q
71.e6 Qa7+ 72.Ke8 Qa4+ 73.Kd8 Qb4 74.Kd7 Qb7+ 75.Kd8 Kf8 76.Ra6 Qe7+ 77.Kc8 Ke8
78.Rc6 Qa7 79.Rd6 Qc5+  0-1

[Event "ch-AUS"]
[Site "Sydney AUS"]
[Date "2010.01.03"]
[Round "2"]
[White "Feldman,V"]
[Black "Xie,G"]
[Result "0-1"]
[WhiteElo "2271"]
[BlackElo "2448"]

1.d4 d5 2.Nf3 c6 3.c4 Nf6 4.Nbd2 g6 5.e3 Bg7 6.Be2 O-O 7.O-O a6 8.b4 Ne4
9.Bb2 Nd7 10.Nxe4 dxe4 11.Nd2 f5 12.Qb3 Nf6 13.Rad1 Be6 14.Qc2 Qc7 15.a4 Bf7
16.a5 Rad8 17.Nb3 g5 18.Nc5 Nd7 19.Nxd7 Rxd7 20.f3 exf3 21.Rxf3 Bg6 22.Bd3 e6
23.Rf2 Rdf7 24.Rdf1 g4 25.g3 h5 26.e4 f4 27.gxf4 Rxf4 28.Rxf4 Rxf4 29.e5 Rxf1+
30.Kxf1 Qf7+ 31.Kg1 Bh6 32.Qe2 Qh7 33.Bxg6 Qxg6 34.Bc3 Bf4 35.Be1 Kg7 36.Kg2 Qb1
37.Bc3 Qb3 38.Be1 Qh3+ 39.Kg1 Qe3+ 40.Qxe3 Bxe3+ 41.Bf2 Bd2  0-1

[Event "15th Open"]
[Site "Bosnjaci CRO"]
[Date "2010.01.04"]
[Round "3"]
[White "Sargac,R"]
[Black "Filipovic,Iv"]
[Result "0-1"]
[WhiteElo "2201"]
[BlackElo "1971"]

1.d4 d5 2.Nf3 Nf6 3.c4 c6 4.g3 Bf5 5.Nbd2 Nbd7 6.Bg2 e6 7.O-O Be7 8.b3 O-O
9.Bb2 Ne4 10.Nxe4 Bxe4 11.Qd2 a5 12.Rfd1 a4 13.Bf1 Qc7 14.Ne1 Rfd8 15.f3 Bg6
16.Nd3 Bf6 17.Nf4 e5 18.Nxg6 hxg6 19.e3 exd4 20.exd4 Nb6 21.c5 Nd7 22.b4 a3
23.Bc3 b6 24.Bh3 Re8 25.Re1 Qa7 26.Rxe8+ Rxe8 27.Re1 Rxe1+ 28.Qxe1 bxc5 29.Qe8+ Nf8
30.bxc5 Qa4 31.Qe3 Qc2 32.Bf1 Qxa2 33.g4 Qb3 34.f4 a2 35.Qd2 Ne6 36.Kg2 Bxd4
37.Bxd4 Nxd4 38.Qxd4 Qb1 39.Bd3 a1=Q 40.Qe3 Qe1 41.Be2 Qa8 42.f5 Qc8 43.Qd3 gxf5
44.gxf5 Qh4  0-1

[Event "Scheveningen"]
[Site "Turin ITA"]
[Date "2010.01.04"]
[Round "2"]
[White "Voiska,M"]
[Black "Molina,Fa"]
[Result "1/2-1/2"]
[WhiteElo "2325"]
[BlackElo "2228"]

1.d4 d5 2.c4 c6 3.Nf3 Nf6 4.Qc2 a6 5.Nbd2 Bg4 6.e3 e6 7.Bd3 Nbd7 8.O-O Bd6
9.c5 Bc7 10.b4 Bh5 11.Bb2 Bg6 12.h3 O-O 13.Ne5 Nxe5 14.dxe5 Nd7 15.Bxg6 hxg6
16.f4 Qe7 17.Nf3 a5 18.a3 Ra6  1/2-1/2

[Event "22nd Open"]
[Site "Staufer GER"]
[Date "2010.01.05"]
[Round "8"]
[White "Epishin,V"]
[Black "Burmakin,V"]
[Result "1/2-1/2"]
[WhiteElo "2607"]
[BlackElo "2590"]

1.d4 d5 2.c4 c6 3.Nf3 Nf6 4.Qb3 e6 5.Bg5 Nbd7 6.Nc3 Be7 7.e3 h6 8.Bh4 O-O
9.Be2 Re8 10.O-O Nh5 11.Bxe7 Qxe7 12.a4 dxc4 13.Bxc4 a5 14.Rfd1 Nhf6 15.e4 Qb4
16.Qa2 Nb6 17.Bf1 e5 18.Nxe5 Be6 19.Qa3 Rad8 20.Nf3 Bb3 21.Re1 Bc2 22.e5 Nfd5
23.Nxd5 Nxd5 24.Rec1 Qxa3 25.Rxa3 Nb4 26.Bc4 Re7 27.Re1  1/2-1/2

[Event "ch-NZL"]
[Site "Auckland NZL"]
[Date "2010.01.06"]
[Round "5"]
[White "Steffenello,L"]
[Black "Krstev,M"]
[Result "1-0"]
[WhiteElo "2184"]
[BlackElo "2103"]

1.d4 d5 2.c4 c6 3.Nf3 Nf6 4.Qc2 e6 5.Nbd2 Nbd7 6.g3 Bd6 7.Bg2 O-O 8.O-O Re8
9.e4 dxe4 10.Nxe4 Nxe4 11.Qxe4 c5 12.Rd1 Qc7 13.b3 a6 14.Bb2 Be7 15.d5 Nf6
16.Qe1 Qb6 17.Qc3 exd5 18.Rxd5 Be6 19.Ng5 Bxd5 20.Bxd5 Red8 21.Bxf7+ Kf8
22.Bd5 Nxd5 23.Qxg7+ Ke8 24.Qg8+ Kd7 25.Qxd5+ Kc8 26.Qf5+ Kb8 27.Ne6 Rc8
28.Rd1 Ka7 29.Rd7 Bd6 30.Qd5 Rc6 31.Rxh7 Re8 32.f4 Bb8 33.f5 Rd6 34.Qf3 Qb4
35.Bc3 Qb6 36.Ba5 Qc6 37.Qxc6 Rxc6 38.Rd7 Ka8 39.Kg2 Rh8 40.h3 Be5 41.g4 b6
42.Be1 Kb8 43.Bg3 Bxg3 44.Kxg3 Kc8 45.Rd5 b5 46.g5 bxc4 47.bxc4 Rb6 48.Rxc5+ Kb8
49.h4 Rb1 50.Nf4 Rg1+ 51.Ng2 Re8 52.Kh2 Rf1 53.g6 Re4 54.h5 Rg4 55.Ne3 Rf2+
56.Kh3 Rg5 57.h6 Rf3+ 58.Kh4 Rgg3 59.Ng4 Rg1 60.g7  1-0

[Event "ch-AUS"]
[Site "Sydney AUS"]
[Date "2010.01.09"]
[Round "7"]
[White "Rej,T"]
[Black "Schon,E"]
[Result "1-0"]
[WhiteElo "2364"]
[BlackElo "2167"]

1.d4 d5 2.Nf3 Nf6 3.c4 c6 4.Qc2 dxc4 5.Qxc4 Bf5 6.Nc3 e6 7.a3 Be7 8.g3 Nbd7
9.Bg2 h6 10.O-O O-O 11.Rd1 Rc8 12.b4 a5 13.Bd2 axb4 14.axb4 Nd5 15.Nxd5 exd5
16.Qb3 Qb6 17.Ra2 Nf6 18.b5 Ne4 19.Ba5 Qxb5 20.Qxb5 cxb5 21.Rb2 Nd6 22.Ne5 Be4
23.Bb4 Bxg2 24.Kxg2 Rfe8 25.Bxd6 Bxd6 26.Nd7 Rcd8 27.Nb6 Bc7 28.Rxb5 Bxb6
29.Rxb6 Rxe2 30.Rxb7 Re4 31.Kf3 g6 32.Rb5 Re6 33.Ra1 Kg7 34.Raa5 Rf6+ 35.Kg2 Rfd6
36.Ra7 R8d7 37.Rxd7 Rxd7 38.Rb6 Kf8 39.Kf3 Ke7 40.Kf4 Rd6 41.Rb7+ Kf6 42.h4 Ke6
43.g4 Kf6 44.Rb8 g5+ 45.Kg3 Kg6 46.Rg8+ Kh7 47.Re8 Kg6 48.h5+ Kg7 49.f4 gxf4+
50.Kxf4 Kf6 51.Re5 Rd7 52.g5+ Kg7 53.gxh6+ Kxh6 54.Rf5 Kh7 55.Ke5 Kh6 56.Kf6 Kh7
57.Rg5 Kh6 58.Re5 Kh7 59.Re8 Ra7 60.Rd8 Ra5 61.Kxf7 Kh6 62.Ke6 Ra6+ 63.Rd6 Ra8
64.Rxd5 Ra6+ 65.Rd6 Ra1 66.Rd8 Re1+ 67.Kd6 Kxh5 68.Rg8 Ra1 69.d5 Ra6+ 70.Ke5 Ra1
71.d6  1-0

[Event "2nd Kirov Memorial Open"]
[Site "Blagoevgrad BUL"]
[Date "2010.01.13"]
[Round "4"]
[White "Argiroudis,S"]
[Black "Vasilev,M"]
[Result "1/2-1/2"]
[WhiteElo "2284"]
[BlackElo "2466"]

1.d4 d5 2.c4 c6 3.Nf3 dxc4 4.e3 Be6 5.Qc2 Nf6 6.Bxc4 Bxc4 7.Qxc4 e6 8.O-O Be7
9.Nc3 O-O 10.e4 Nbd7 11.Rd1 Qa5 12.Qe2 Rfe8 13.Bf4 Nf8 14.h3 Ng6 15.Bh2 Rad8
16.a3 Qh5 17.Qc2 Nh4 18.Nxh4 Qxh4 19.Bg3 Qg5 20.Qb3 Rd7 21.Qa4 a6 22.Rd3 Red8
23.Rad1 Qg6 24.Re3 h6 25.Qc4 Bf8 26.Bh4 Be7 27.Bg3 Qh5 28.Red3 Qg5 29.Bh2 Qg6
30.Rg3 Qh7 31.Re3 c5 32.d5 exd5 33.exd5 b5 34.Qe2 Bd6 35.Bxd6 Rxd6 36.Re5 Qg6
37.b4 c4 38.Rd2 Nd7 39.Re8+ Nf8 40.Rxd8 Rxd8 41.Qe3 Qf5 42.Kh2 Ng6 43.d6 Qf4+
44.Qxf4 Nxf4 45.Rd4 Ne6 46.Rd5 f5 47.a4 bxa4 48.Nxa4 g6 49.Nc5 Kf7 50.Nxa6 c3
51.Nc5 c2 52.Nxe6 c1=Q 53.Nxd8+ Kf6 54.Nb7 Qf4+ 55.Kg1 Qc1+ 56.Kh2 Qf4+ 57.Kg1 Qc1+
58.Kh2 Qf4+  1/2-1/2

[Event "2nd Kirov Memorial Open"]
[Site "Blagoevgrad BUL"]
[Date "2010.01.14"]
[Round "6"]
[White "Nikolov,Sas"]
[Black "Vasilev,M"]
[Result "1/2-1/2"]
[WhiteElo "2403"]
[BlackElo "2466"]

1.d4 d5 2.c4 c6 3.Nf3 dxc4 4.e3 Be6 5.a4 Nf6 6.Na3 Bd5 7.Nxc4 e6 8.Bd3 c5
9.O-O Nc6 10.dxc5 Bxc5 11.b3 Nb4 12.Be2 O-O 13.Bb2 Be4 14.Nd4 Qd5 15.f3 Bg6
16.Kh1 Rfd8 17.Rc1 b6 18.e4 Qg5 19.Qe1 Nh5 20.g3 Rxd4 21.Bxd4 Bxd4 22.Qxb4 Nxg3+
23.hxg3 Qxg3 24.Qd6 e5 25.Qd7 h5 26.Rcd1 f5 27.Rxd4 Qh3+  1/2-1/2

[Event "8th Parsvnath Open"]
[Site "New Delhi IND"]
[Date "2010.01.15"]
[Round "3"]
[White "Tolstikh,N"]
[Black "Abhishek,K"]
[Result "*"]
[WhiteElo "2364"]
[BlackElo "2246"]

1.Nf3 d5 2.d4 Nf6 3.c4 c6 4.Qb3 g6 5.Bf4 Bg7 6.e3 O-O 7.Nc3 a6 8.cxd5 cxd5
9.Be2 Nc6 10.Ne5 Na5 11.Qb4 Ne8 12.O-O f6 13.Nd3 e6 14.Rfd1 Rf7 15.Na4 Bf8
16.Qb6 Bd7 17.Qxd8 Rxd8 18.Nac5 b6 19.Nxd7 Rfxd7 20.Rac1 Nd6 21.Rc2 Ra8 22.Rdc1 g5
23.Bg3 Ne4 24.Rc8 Nxg3 25.hxg3 Rxc8 26.Rxc8 Nb7 27.Kf1 Nd8 28.Ke1 Kg7 29.Kd2 Be7
30.Nc1 a5 31.Bb5 Rd6 32.Ne2 Nf7 33.Rc7 Kf8 34.Nc3 Bd8 35.Rb7 f5 36.Bd7 Ke7
37.Bc8+ Kf6 38.Nb5 Rc6 39.Bd7 Rc4 40.Be8 Be7 41.Bxf7 Rb4 42.Na7 Rxb2+ 43.Kc3 Rxa2
44.Be8 Rxf2 45.Nc6 Bb4+ 46.Kb3 Re2 47.Rxh7 Rxe3+ 48.Kc2 Rxg3 49.Rf7+ Kg6
50.Ne5+ Kh6 51.Rf6+ Kg7 52.Rxe6 Rxg2+ 53.Kb3 Rg3+ 54.Ka4 Bc3 55.Re7+ Kf6
56.Rf7+ Ke6 57.Bd7+ Kd6 58.Rf6+ Kc7 59.Rc6+ Kb7 60.Bc8+ Ka7 61.Nd7 Bxd4 62.Rc7+ Ka8
63.Bb7+ Ka7  *

[Event "8th Parsvnath Open"]
[Site "New Delhi IND"]
[Date "2010.01.17"]
[Round "6"]
[White "Kamble,V"]
[Black "Mohannad,F"]
[Result "1-0"]
[WhiteElo "2364"]
[BlackElo "2241"]

1.d4 d5 2.c4 c6 3.Nf3 Nf6 4.Qc2 e6 5.Bg5 Nbd7 6.cxd5 exd5 7.Nc3 Be7 8.e3 O-O
9.Bd3 Re8 10.O-O h6 11.Bf4 Nf8 12.h3 Bd6 13.Ne5 a6 14.Bh2 c5 15.f4 cxd4 16.exd4 Ne6
17.Qf2 Qb6 18.Rad1 Qa7 19.Bc2 b5 20.Kh1 Bc7 21.Ng4 Bd8 22.Rfe1 Bd7 23.Nxf6+ Bxf6
24.Nxd5 Bxd4 25.Qd2 Bc6 26.Nb4 Bb7 27.f5 Ng5 28.Rxe8+ Rxe8 29.Qxd4 Qxd4 30.Rxd4 Re1+
31.Bg1 Re2 32.Rg4 a5 33.h4 Nh7 34.Bd4 axb4 35.Rxg7+ Kf8 36.Bb3 Ke8 37.Bxf7+ Kd8
38.Bb6+ Ke7 39.Bc4+  1-0

[Event "ch-POL"]
[Site "Warsaw POL"]
[Date "2010.01.17"]
[Round "9"]
[White "Krasenkow,M"]
[Black "Hnydiuk,A"]
[Result "1/2-1/2"]
[WhiteElo "2656"]
[BlackElo "2432"]

1.d4 d5 2.c4 c6 3.Nf3 Nf6 4.Qb3 dxc4 5.Qxc4 Bf5 6.g3 e6 7.Bg2 Nbd7 8.O-O Be7
9.Nbd2 O-O 10.Qb3 Qb6 11.Nc4 Qa6 12.Bf4 Bg6 13.Nfe5 Bf5 14.Nf3 Bg6 15.Nfe5 Nxe5
16.Nxe5 Bh5 17.e4 Rfd8 18.Be3 Nd7 19.f4 c5 20.d5 exd5 21.exd5 Nf6 22.Rfc1 Rac8
23.h3 Bd6 24.Nc4 Bg6 25.Nxd6 Qxd6 26.Qc4 b6 27.Bf2 h5 28.Re1 Re8 29.Qa4 a5
30.a3 Bf5 31.Rxe8+ Rxe8 32.Qc6 Qxc6 33.dxc6 Be4 34.b4 Bxg2 35.Kxg2 axb4 36.axb4 cxb4
37.Bxb6 Nd5 38.Bd4 Rc8 39.Rc1 f6 40.Rc5 Ne7 41.c7 Kf7 42.Rxh5 Rxc7 43.Rb5 Rc4
44.Bc5 Nd5 45.Rb7+ Ke6 46.Bf8 g6 47.Rb5 Rc3 48.Kf2 b3 49.Ba3 Rd3 50.Rb8 Kf5
51.Bc1 Nc3 52.g4+ Ke6 53.h4 Ne4+ 54.Ke2 Rg3 55.h5 gxh5 56.f5+ Ke5 57.gxh5 Kxf5
58.h6 Rh3 59.Rb7 Rh2+ 60.Kf3 Ng5+ 61.Bxg5 Kxg5 62.h7 Kg6  1/2-1/2

[Event "8th Parsvnath Open"]
[Site "New Delhi IND"]
[Date "2010.01.20"]
[Round "9"]
[White "Kamble,V"]
[Black "Semenova,E"]
[Result "1-0"]
[WhiteElo "2364"]
[BlackElo "2208"]

1.d4 d5 2.c4 c6 3.Nf3 Nf6 4.Qc2 e6 5.Bg5 Nbd7 6.cxd5 cxd5 7.Nc3 Bd6 8.e3 O-O
9.Bd3 h6 10.Bh4 b6 11.O-O Bb7 12.Rac1 Rc8 13.Qe2 Qe7 14.Ba6 Bxa6 15.Qxa6 Nb8
16.Bxf6 Nxa6 17.Bxe7 Bxe7 18.Nb5 Nb4 19.Nxa7 Rxc1 20.Rxc1 Nxa2 21.Rc7 Bf6
22.g4 Nb4 23.Rb7 Ra8 24.Rxb6 Nd3 25.Nc6 Ra2 26.Rb8+ Kh7 27.Nfe5 Bxe5 28.Nxe5 Nxb2
29.Nxf7 Nd3 30.Rh8+ Kg6 31.Rf8 Ra7 32.Nd8 Kg5 33.h3 Kh4 34.Kg2 Re7 35.Kh2 h5
36.gxh5 Kxh5 37.Kg3 g5 38.Rf6 e5 39.Nf7 Rxf7 40.Rxf7 e4 41.Rd7 Nb4 42.Rd6  1-0

[Event "ch-BUL S/F Men"]
[Site "Plovdiv BUL"]
[Date "2010.01.24"]
[Round "1"]
[White "Arnaudov,G"]
[Black "Asparuhov,P"]
[Result "1-0"]
[WhiteElo "2413"]
[BlackElo "2107"]

1.d4 d5 2.c4 c6 3.Nf3 Nf6 4.Qc2 g6 5.Bf4 Bg7 6.e3 a6 7.c5 Bf5 8.Qb3 Qc8 9.h3 Bxb1
10.Rxb1 Nbd7 11.Bd3 O-O 12.O-O Re8 13.Bh2 h6 14.Rfe1 Nh7 15.e4 dxe4 16.Bxe4 Nhf6
17.Bxg6 e6 18.Bc2 Nd5 19.Qd3 N7f6 20.b4 a5 21.a3 axb4 22.axb4 Ra2 23.Ne5 Qa8
24.Nc4 Qa6 25.Be5 Qb5 26.Nd6 Qxd3 27.Bxd3 Re7 28.b5 Nc3 29.Ra1 Nfd5 30.Rxa2 Nxa2
31.b6 Nab4 32.Bc4 f6 33.Bg3 Nc2 34.Rd1 Rd7 35.Rd2 Ncb4 36.Re2 Re7 37.Rb2 Kh7
38.Bxd5 Nxd5 39.Ra2 Nc3 40.Ra7 Ne2+ 41.Kf1 Nxd4 42.Rxb7 Rxb7  1-0

[Event "ch-BUL S/F Men"]
[Site "Plovdiv BUL"]
[Date "2010.01.25"]
[Round "3"]
[White "Pantev,V"]
[Black "Ivanov,Bor BUL"]
[Result "1-0"]
[WhiteElo "2369"]
[BlackElo "2128"]

1.Nf3 Nf6 2.c4 c6 3.d4 d5 4.Qc2 dxc4 5.Qxc4 Bf5 6.g3 e6 7.Bg2 Nbd7 8.O-O Be7
9.Nc3 O-O 10.e3 Ne4 11.Nd2 Nxc3 12.bxc3 e5 13.Qb3 Qc7 14.Ba3 Nb6 15.Bxe7 Qxe7
16.a4 Be6 17.Qb2 Nc4 18.Nxc4 Bxc4 19.Rfb1 Rab8 20.Qb4 Qe6 21.dxe5 Ba6 22.Qd6 Rbe8
23.Qxe6 Rxe6 24.f4 f6 25.exf6 Rxe3 26.fxg7 Kxg7 27.Bf1 Rd8 28.Bxa6 bxa6 29.Rb7+ Kg6
30.Ra2 Rxc3 31.Rxa7 h5 32.Kg2 h4 33.Re2 hxg3 34.hxg3 Kf6 35.Ree7 Rd4 36.Rf7+ Kg6
37.f5+ Kg5 38.Ra8 Rd6 39.Rg8+ Kh6 40.Rfg7 Rd2+ 41.Kh3 Rd6 42.Rg4 Kh7 43.R8g7+ Kh8
44.R7g6 Rd7 45.Rh4+ Rh7 46.Rxh7+ Kxh7 47.Kh4  1-0

[Event "ch-BUL S/F Men"]
[Site "Plovdiv BUL"]
[Date "2010.01.27"]
[Round "5"]
[White "Pantev,V"]
[Black "Filev,G"]
[Result "1-0"]
[WhiteElo "2369"]
[BlackElo "2389"]

1.d4 d5 2.Nf3 Nf6 3.c4 c6 4.Qc2 g6 5.Bf4 Bg7 6.e3 O-O 7.Nc3 Qa5 8.Be2 c5
9.O-O dxc4 10.d5 b5 11.e4 Bb7 12.a4 b4 13.Nb5 Ne8 14.d6 Nxd6 15.Bxd6 exd6
16.Nxd6 Ba6 17.Bxc4 Bxc4 18.Nxc4 Qc7 19.Rad1 Nc6 20.Rd5 Nd4 21.Nxd4 Bxd4
22.b3 Rad8 23.g3 Rfe8 24.Rxd8 Qxd8 25.Re1 h5 26.Qe2 h4 27.Qg4 hxg3 28.hxg3 Qf6
29.Re2 Kg7 30.e5 Qc6 31.Re4 Rh8 32.Qf3 Qe6 33.Rf4 Rf8 34.Qe4 Qh3 35.Qg2 Qe6
36.Qe4 Qh3 37.Qf3 Qe6 38.Qg4 Qe7 39.Re4 Rh8 40.Nd6 Qe6 41.Qxe6 fxe6 42.Nb5 Rd8
43.Nxa7 c4 44.Nc6 cxb3 45.Nxd8 Bc3 46.Re2 b2 47.Rxb2 Bxb2 48.Nxe6+ Kf7 49.Nd8+ Ke8
50.Nc6 Bc3 51.Na5 Bxe5 52.f4 Bc7 53.Nb3 Kd7 54.Kf2 Ke6 55.Ke3 Kd5 56.Kd3 Bb6
57.a5 Bf2 58.g4 Bg3 59.f5 gxf5 60.gxf5 Be5 61.Nd2 Kc5 62.Nc4 Bf6 63.a6 Kc6
64.Ne3 Bg5 65.Nd5  1-0